| 000 | 00925cam a2200217 4500 | ||
|---|---|---|---|
| 001 | L123905 | ||
| 008 | 031013n2003 000 0 eng u | ||
| 020 | _a0273655418 | ||
| 035 | _a(Sirsi) u123905 | ||
| 041 | _aeng | ||
| 050 |
_a658.404 _c21 |
||
| 100 | _aMaylor, Harvey | ||
| 245 | _aProject management | ||
| 250 | _a3rd ed. | ||
| 260 |
_aLondon _bFT Prentice Hall _c2003 |
||
| 300 |
_axv, 411p. _c25cm. |
||
| 350 | _a33.99 | ||
| 520 | _aAimed at students and professionals, this third edition text provides a thorough introduction to project management. Chapters are arranged under the four phases of project management: defining the project; designing the project process; delivering the project; and developing the process. New topics include critic chain project management and supply chain management. Appendix provides relevant standards. Case studies. | ||
| 690 |
_aProject management _96261 |
||
| 942 | _n0 | ||
| 999 |
_c103118 _d103118 |
||